000 01265nam0a2200349 4500
001 RU\NLR\bibl\1725335
005 20260408160812.0
010 _a978-5-9533-5256-7
_93000
021 _aRU
_b2010-97646
_97д/11
035 _a(NLR Aleph) 001716305
090 _a1311633
_c1311633
100 _a20110120d2011 |||y0rusy50 ca
101 0 _arus
102 _aRU
105 _aa |||||||||
200 1 _aВ августе 1941-го
_fАлександр Оришев
210 _aМосква
_cВече
_d2011
215 _a315, [3] с., [8] л. ил., портр.
_d21
225 1 _a1418 дней Великой войны
300 _aНа обороте тит. л. авт.: историк Ирана и сов.-иран. отношений
320 _aБиблиогр. и библиогр. в примеч.: с. 263-316
606 _aВторая мировая война
_z1939 - 1945
_yИран
_3RU\NLR\auth\66243907
_91340710
686 _aТ3(5Ирн)62,01
686 _aЦ35(0)62(5Ирн)
700 1 _aОришев
_bА. Б.
_gАлександр Борисович
_4070
801 0 _aRU
_bNLR
_c20110120
_gRCR
801 1 _aRU
_bNLR
_c20110120
830 _aавт. по кн.
942 _cBOOK
980 _aNB
980 _aNBR